|
|
|
|
| LEADER |
02621nam a2200373 u 4500 |
| 001 |
10116512 |
| 003 |
upatras |
| 005 |
20250318104008.0 |
| 008 |
150612m2008 gr 1 gre d |
| 020 |
|
|
|a 9789604670178
|
| 040 |
|
|
|a GR-PaULI
|b gre
|c GR-PaULI
|e AACR2
|
| 041 |
0 |
|
|a gre
|
| 082 |
0 |
4 |
|2 23
|a 372.21
|
| 100 |
1 |
|
|a Χατζηστεφανίδου, Σοφία
|e συγγραφέας
|9 144629
|
| 245 |
1 |
0 |
|a Ιστορία της προσχολικής αγωγής :
|b ανθρωπολογικές και παιδαγωγικές αντιλήψεις - πρακτικές ανατροφής - θεσμοί φροντίδας και εκπαίδευσης /
|c Σοφία Χατζηστεφανίδου.
|
| 260 |
|
|
|a Αθήνα :
|b Κυριακίδη,
|c 2008-
|
| 300 |
|
|
|a 1 τ. ;
|c 24 εκ.
|
| 490 |
1 |
|
|a Καινοτομίες στην εκπαίδευση ;
|v 57
|
| 504 |
|
|
|a Περιλαμβάνει βιβλιογραφικές παραπομπές και ευρετήρια.
|
| 505 |
0 |
|
|a τ.1. Από τις απαρχές της κοινωνικής οργάνωσης μέχρι το 19ο αιώνα - 422 σ. - 2008.
|
| 650 |
|
4 |
|a Προσχολική αγωγή
|9 1202
|
| 650 |
|
4 |
|9 39542
|a Εκπαίδευση, Προσχολική
|
| 773 |
0 |
|
|t Από τις απαρχές της κοινωνικής οργάνωσης μέχρι το 19ο αιώνα
|
| 830 |
|
0 |
|a Καινοτομίες στην εκπαίδευση
|v 57
|9 190752
|
| 852 |
|
|
|a GR-PaULI
|b ΠΑΤΡΑ
|b ΒΚΠ
|b ΒΣ1
|k ΑΣΧΕ
|h 372.21 ΧΑΤ
|m 132043
|p 025000249331
|t 1
|3 τ.1
|
| 852 |
|
|
|a GR-PaULI
|b ΠΑΤΡΑ
|b ΒΚΠ
|b ΒΣ1
|k ΑΣΧΕ
|h 372.21 ΧΑΤ
|m 132041
|p 025000249333
|t 2
|3 τ.1
|
| 852 |
|
|
|a GR-PaULI
|b ΠΑΤΡΑ
|b ΒΚΠ
|b ΒΣ1
|k ΑΣΧΕ
|h 372.21 ΧΑΤ
|m 132042
|p 025000249332
|t 3
|3 τ.1
|
| 942 |
|
|
|2 ddc
|c BK15
|
| 952 |
|
|
|0 0
|1 0
|3 τ.1
|4 0
|6 372_210000000000000_ΧΑΤ
|7 0
|9 179906
|a LISP
|b LISP
|c BSC
|d 2016-04-24
|i 132043
|l 4
|m 2
|o 372.21 ΧΑΤ
|p 025000249331
|r 2019-11-18 00:00:00
|s 2019-11-14
|t 1
|w 2016-04-24
|y BK15
|
| 952 |
|
|
|0 0
|1 0
|3 τ.1
|4 0
|6 372_210000000000000_ΧΑΤ
|7 0
|9 179907
|a LISP
|b LISP
|c BSC
|d 2016-04-24
|i 132041
|l 2
|o 372.21 ΧΑΤ
|p 025000249333
|r 2019-05-06 00:00:00
|s 2019-05-06
|t 2
|w 2016-04-24
|y BK15
|
| 952 |
|
|
|0 0
|1 0
|3 τ.1
|4 0
|6 372_210000000000000_ΧΑΤ
|7 0
|9 179908
|a LISP
|b LISP
|c BSC
|d 2016-04-24
|i 132042
|l 1
|o 372.21 ΧΑΤ
|p 025000249332
|r 2019-12-02 00:00:00
|s 2019-11-21
|t 3
|w 2016-04-24
|y BK15
|
| 952 |
|
|
|0 0
|1 0
|2 ddc
|3 τ.1
|4 0
|6 372_210000000000000_ΧΑΤ
|7 0
|9 384652
|a PTDE
|b PTDE
|d 2024-11-01
|i 13263
|l 0
|o 372.21 ΧΑΤ
|p 025000304419
|r 2024-11-01 11:56:35
|t 4
|w 2024-11-01
|y BK15
|z Δωρεά
|
| 998 |
|
|
|c ΣΑΤΛΑΝΗΣ
|d 2015-06
|
| 999 |
|
|
|c 111388
|d 111388
|